| 000 | 00790cam a2200253 a 4500 | ||
|---|---|---|---|
| 001 | 000019784 | ||
| 005 | 20200929170134.0 | ||
| 008 | 900713s1970 sp b 001 d spa d | ||
| 040 |
_aDO-SdBNP _bspa _cOxford _dBNPHU |
||
| 082 |
_a862.3 _bC146ma, 1970 |
||
| 100 | 1 |
_aCalderón de la Barca, Pedro, _d1600-1681 _95547 |
|
| 245 | 1 | 3 |
_aEl mayor monstruo del mundo / _cCalderón de la Barca. |
| 250 | _a4a ed. | ||
| 260 |
_aMadrid : _bEspasa-Calpe, _c1970. |
||
| 300 |
_a169, [16] p. ; _c18 cm. |
||
| 490 | 1 |
_aAustral. Gris: clásicos _v496 |
|
| 650 | 4 |
_aTeatro español _93071 |
|
| 650 | 4 |
_aLiteratura española _9632 |
|
| 740 | 3 | _aEl príncipe constante / | |
| 830 | 0 |
_aAustral. _pGris: clásicos; _v496 _98199 |
|
| 910 | _aCatalogación derivada /Oxford | ||
| 910 | _aWM | ||
| 049 | _aBNGR | ||
| 999 |
_c19297 _d19297 |
||